Derecho procesal penal. Tomo III /
Guardado en:
| Autor Principal: | |
|---|---|
| Otros Autores: | , |
| Formato: | Libro |
| Idioma: | Spanish |
| Publicado: |
Santa Fe :
Rubinzal - Culzoni,
2001.
|
| Edición: | 1a. ed. |
| Materias: | |
| Etiquetas: |
Agregar Etiqueta
Sin Etiquetas, Sea el primero en etiquetar este registro!
|
| LEADER | 00603nam a22001815a 4500 | ||
|---|---|---|---|
| 001 | DER.der000032 | ||
| 008 | 180615s2001####ag#||||||||||||||#||spa|| | ||
| 005 | 20250617131344.0 | ||
| 245 | 1 | 0 | |a Derecho procesal penal. |n Tomo III / |c Jorge A. Clariá Olmedo ; actualizado por Jorge Raúl Montero. |
| 250 | |a 1a. ed. | ||
| 260 | |a Santa Fe : |b Rubinzal - Culzoni, |c 2001. | ||
| 300 | |a 470 p. | ||
| 020 | |a 9507271619 | ||
| 100 | 1 | |a Clariá Olmedo, Jorge A. | |
| 700 | 1 | |a Montero, Jorge Raúl. | |
| 700 | 1 | |a Meana, José MAría. | |
| 650 | 7 | |a DERECHO PROCESAL PENAL | |
| 859 | |a DERECHO |b BIB. DERECHO |h 345.05 |i CLA |p 000877 |3 Tomo III | ||
